Responses for show #5129 - Thursday, December 21, 2006

Steve Unite game 4.

Contestants

Jane Glass, a high school librarian from Portland, Maine

Max Joel, a green builder from New York, New York

Steve Unite, a writer from Studio City, California (whose 3-day cash winnings total $64,404)

Jeopardy! Round responses

CHRISTMAS HISTORY
COLLEGE SPORTS TEAM LOGOS
PASS THE POTATOES
FIRE WHEN READY
KA-"POW"!
THE MACY'S PARADE: BEHIND THE SCENES
(Jon of the Clue Crew in front of a float: Macy's Thanksgiving Day Parade. You've watched it, now find out what goes into putting it together.)
    $200 1
apples

Jane
    $200 6
Notre Dame

Steve
    $200 8
shoestring

Steve
    $200 21
Chicago

Max
    $200 12
Colin Powell

Max
    $200 26
(Jane: What is Top Cat?)

Felix the Cat

SteveJane
    $400 2
mistletoe

Steve
    $400 7
Nebraska

Max
    $400 17
cream

Steve
    $400 22
Slaughterhouse-Five

Steve
    $400 13
powder puff

Jane
    $400 27
1940s

Max
    $600 3
Roman Empire

Max
    $600 9
University of Florida

Steve
    $600 18
(Jane: What is au gratin?)

potatoes Anna

SteveJane
    $600 23
New York City

Steve
    $600 14
power tools

Steve
    $600 28
WWI flying ace

Max
    $600 4
Puritan movement

Max
    $800 10
University of Maryland

Steve
    $800 19
gold

Steve
    $800 24
Boston

Steve
    $800 15
power play

Jane
    $800 29
(Jane: What is the Holland Tunnel?)

Lincoln Tunnel

SteveJane
    $1000 5
"'Twas The Night Before Christmas"

Steve
    $1000 11
Michigan State

Steve
    $1000 20
duchess

Triple Stumper
    $1000 25
(Max: What is a submarine?)

aircraft carrier

SteveMax
    $1000 16
Powhatan

Steve
    $1000 30
Miracle on 34th Street

Steve

Scores at the first commercial break (after clue 16):

Steve Max Jane
$5,800 $1,800 $1,400

Scores at the end of the Jeopardy! Round:

Steve Max Jane
$12,400 $2,000 -$200

Double Jeopardy! Round responses

NATIONAL PARKS OF THE WORLD
MOVIE JACK POT
"E"-MALE
U.S. CITY HISTORY
A LOST LETTER FROM SHAKESPEARE
VERBS
    $400 26
Greenland

Max
    $400 1
Jack Lemmon

Steve
    $400 2
John Elway

Max
    $400 11
(Max: What is Las Vegas?)

Reno

MaxJane
    $400 3
Romeo and Juliet

Steve
    $400 19
toss

Jane
    $800 27
Indonesia

Triple Stumper
    $800 13
Jack Nicholson

Jane
    $800 4
Michael Eisner

Jane
    $800 17
Anchorage

Max
    $800 8
Hamlet

Max
    $800 20
season

Max
    $1200 28
Mount Ararat

Steve
    $1200 14
Jack Black

Jane
    $1200 5
Paul Ehrlich

Triple Stumper
    $1200 18
Lexington

Steve
    $1200 9
Othello

Jane
    $1200 23
cushion

Triple Stumper
    $1600 29
Banff

Triple Stumper
    $1600 15
Jack Johnson

Max
    $1600 6
John Edwards

Max
    $4,000 21
(Max: What... is... [buzzer])
(Alex: What is... [*]? The kingdom of Hawaii. [Max bends over podium in agony] Select again.)

Honolulu

Max
    $1600 10
A Midsummer Night's Dream

Steve
    $1,000 24
careen

Max
    $2000 16
Jack Ryan

Jane
    $2000 7
James Ellroy

Steve
    $2000 22
(Max: What is Portland?)
...
(Alex: The reference is to John Jacob Astor, and the city is [*].)

Astoria

Max
Triple Stumper
    $2000 12
The Merchant of Venice

Triple Stumper
    $2000 25
predicate

Steve

Scores at the end of the Double Jeopardy! Round:

Steve Max Jane
$21,200 $3,000 $6,600
(lock game)

[wagering suggestions for these scores]

Final Jeopardy! Round responses

THE MIDDLE EAST
MaxWhat is Lebanon?
$500
JaneWhat is Egypt?
$600
SteveWhat is Lebanon?
$1,200
Lebanon

Final scores:

Steve Max Jane
$22,400 $3,500 $6,000
4-day champion: $86,804 3rd place: $1,000 2nd place: $2,000

Game dynamics:

Coryat scores:

Steve Max Jane
$21,200 $7,800 $6,600
26 R,
0 W
15 R
(including 2 DDs),
4 W
(including 1 DD)
10 R,
3 W

Combined Coryat: $35,600

The J! Archive is created by fans, for fans. The Jeopardy! game show and all elements thereof, including but not limited to copyright and trademark thereto, are the property of Jeopardy Productions, Inc. and are protected under law. This website is not affiliated with, sponsored by, or operated by Jeopardy Productions, Inc. Join the discussion at JBoard.tv.